Czech sportsperson of the year (Sportovec roku) - Statistics

General Stats
  • This quiz has been taken 27 times
  • The average score is 17 of 28
Answer Stats
Year Answer % Correct
2005 Jaromír Jágr (ice hockey)
96%
2018 Ester Ledecká (snowboarding, alpine skiing)
88%
2007 Martina Sáblíková (speed skating)
79%
2009 Martina Sáblíková (speed skating)
79%
2010 Martina Sáblíková (speed skating)
79%
2003 Pavel Nedvěd (Football (soccer))
75%
2020 David Pastrňák (ice hockey)
71%
2008 Barbora Špotáková (athletics – javelin throw)
67%
2012 Barbora Špotáková (athletics – javelin throw)
67%
1994 Dominik Hašek (ice hockey)
67%
1998 Dominik Hašek (ice hockey)
67%
1993 Jan Železný (athletics – javelin throw)
67%
1995 Jan Železný (athletics – javelin throw)
67%
2000 Jan Železný (athletics – javelin throw)
67%
2001 Jan Železný (athletics – javelin throw)
67%
2011 Petra Kvitová (tennis)
67%
2014 Petra Kvitová (tennis)
67%
2004 Roman Šebrle (athletics – decathlon)
63%
2016 Lukáš Krpálek (judo)
58%
2019 Lukáš Krpálek (judo)
58%
2017 Gabriela Koukalová (biathlon)
42%
1997 Tomáš Dvořák (athletics – decathlon)
42%
1999 Tomáš Dvořák (athletics – decathlon)
42%
2002 Aleš Valenta (freestyle skiing)
33%
2006 Kateřina Neumannová (cross-country skiing)
33%
2013 Zuzana Hejnová (athletics – 400 metres hurdles)
29%
2015 Zuzana Hejnová (athletics – 400 metres hurdles)
29%
1996 Martin Doktor (canoe racing)
13%
No matching quizzes found
Score Distribution
Percent of People with Each Score
Percentile by Number Answered
Your Score History
You have not taken this quiz